000 00521cam a2200169 4500500
005 20260405001304.0
041 _afre
042 _adc
100 1 0 _aEilenberger, Wolfram
_eauthor
245 0 0 _aJoan Tronto. « Yes, we care ! »
260 _c2012.
500 _a48
690 _aJoan Tronto
690 _aJustice
786 0 _nPhilosophie magazine | 59 | 5 | 2012-05-01 | p. 19-20 | 1951-1787
856 4 1 _uhttps://shs.cairn.info/magazine-philosophie-magazine-2012-5-page-19?lang=fr&redirect-ssocas=7080
999 _c2045987
_d2045987